000 00733nam a2200289Ia 4500
005 20260324122220.0
008 008 260324s9999 xx 000 0 eng d
020 _a9780429151187
037 _aEBOOK
040 _aCRL
040 _beng
040 _cCRL
041 _2eng
041 _aeng
084 _qCRL
100 _aPasquale Maddaloni; Paolo De Natale; Marco Bellini
_91165578
245 0 _aLaser-Based Measurements for Time and Frequency Domain Applications
245 2 _bA Handbook
260 _bTaylor and Francis
260 _c2013
365 _a
365 _b480
856 _uhttp://www.taylorfrancis.com/books/9780429151187
942 _cEBOOK
999 _c1758142
_d1758142